[Event "Moscow op-A 13th"]
[Site "Moscow"]
[Date "2017.01.30"]
[Round "3"]
[White "Skatchkov, Valery"]
[Black "Lopatko, Genadiy"]
[Result "1-0"]
[WhiteElo "2202"]
[BlackElo "1714"]
[PlyCount "61"]
[EventDate "2017.01.28"]
[EventType "swiss"]
[EventRounds "9"]
[EventCountry "RUS"]
[SourceTitle "EXT 2018"]
[Source "ChessBase"]
[SourceDate "2017.10.13"]
[SourceVersion "1"]
[SourceVersionDate "2017.10.13"]
[SourceQuality "1"]

1. d4 d5 2. c4 c6 3. Nc3 Nf6 4. e3 Bf5 5. cxd5 cxd5 6. Qb3 Qd7 7. Nf3 Nc6 8. Ne5 Qc8 9. Bd2 e6 10. Rc1 Nd7 11. Nxc6 bxc6 12. Qa4 Nb6 13. Qa5 Qd7 14. Be2 Be7 15. 0-0 0-0 16. Na4 Nxa4 17. Qxa4 Rfb8 18. b3 a5 19. Rxc6 Bb4 20. Bxb4 Rxb4 21. Ra6 Qb7 22. Qxa5 Rxa6 23. Bxa6 Qb8 24. Rc1 e5 25. Qxd5 g6 26. dxe5 Rb6 27. Bc8 Bb1 28. Bd7 Qa7 29. Rxb1 Qxa2 30. Rd1 Qc2 31. e6 1-0